[Event "Teteven op 32nd"]
[Site "Teteven"]
[Date "2018.08.18"]
[Round "8"]
[White "Galunov, Georgi"]
[Black "Mladenov, Emil"]
[Result "1-0"]
[WhiteElo "1821"]
[BlackElo "2028"]
[PlyCount "85"]
[EventDate "2018.08.11"]
[EventType "swiss"]
[EventRounds "9"]
[EventCountry "BUL"]
[SourceTitle "CBM 186 Extra"]
[Source "ChessBase"]
[SourceDate "2018.08.24"]
[SourceVersion "1"]
[SourceVersionDate "2018.08.24"]
[SourceQuality "1"]

1. e4 d5 2. exd5 Qxd5 3. Nc3 Qa5 4. d4 c6 5. Bc4 Nf6 6. Nge2 b5 7. Bb3 e6 8. 0-0 Bd6 9. Ng3 Qc7 10. Qe2 0-0 11. Bg5 Nbd7 12. a4 b4 13. Nce4 Nxe4 14. Qxe4 Bb7 15. Bc4 c5 16. Qh4 cxd4 17. Bd3 f5 18. Rfe1 Nc5 19. Qxd4 h6 20. Bd2 Rad8 21. Qh4 b3 22. Bc3 Nxd3 23. cxd3 Be7 24. Qh5 Qc6 25. f3 Rxd3 26. Qg6 Rxc3 27. Nh5 Bf6 28. bxc3 b2 29. Rad1 e5 30. Nxf6+ Qxf6 31. Qxf6 Rxf6 32. Re2 Bc6 33. a5 e4 34. fxe4 Bxe4 35. Rxb2 Rc6 36. Rb7 Ra6 37. Rc7 Rxa5 38. g3 Ra2 39. Rdd7 Rg2+ 40. Kf1 Rxh2 41. Rxg7+ Kf8 42. Rh7 Kg8 43. Rhd7 1-0

[Event "Teteven op 32nd"]
[Site "Teteven"]
[Date "2018.08.15"]
[Round "5"]
[White "Yordanov, Ivan Y"]
[Black "Galunov, Georgi"]
[Result "0-1"]
[WhiteElo "1624"]
[BlackElo "1821"]
[PlyCount "44"]
[EventDate "2018.08.11"]
[EventType "swiss"]
[EventRounds "9"]
[EventCountry "BUL"]
[SourceTitle "CBM 186 Extra"]
[Source "ChessBase"]
[SourceDate "2018.08.24"]
[SourceVersion "1"]
[SourceVersionDate "2018.08.24"]
[SourceQuality "1"]

1. d4 d5 2. c4 c6 3. Nf3 Nf6 4. Nc3 dxc4 5. e3 b5 6. a4 Nd5 7. Ne5 e6 8. axb5 Bb4 9. Bd2 Bxc3 10. bxc3 cxb5 11. e4 Nf6 12. Qb1 a6 13. g3 0-0 14. Bg2 Nbd7 15. Nc6 Qb6 16. e5 Bb7 17. Ne7+ Kh8 18. Bxb7 Qxb7 19. 0-0 Ne4 20. Bc1 Nxc3 21. Qc2 b4 22. Bd2 Ne2# 0-1

[Event "Thessaloniki Triandria op 2nd"]
[Site "Thessaloniki"]
[Date "2009.04.25"]
[Round "5"]
[White "Galunov, Georgi"]
[Black "Cook, Michael Antony"]
[Result "0-1"]
[WhiteElo "1883"]
[BlackElo "2000"]
[PlyCount "74"]
[EventDate "2009.04.21"]
[EventType "swiss"]
[EventRounds "7"]
[EventCountry "GRE"]
[SourceTitle "EXT 2024"]
[Source "ChessBase"]
[SourceDate "2023.10.10"]
[SourceVersion "1"]
[SourceVersionDate "2023.10.10"]
[SourceQuality "1"]

1. e4 e5 2. Nf3 Nc6 3. Bc4 Nf6 4. d3 Bc5 5. 0-0 d6 6. c3 Bg4 7. Nbd2 0-0 8. Re1 d5 9. exd5 Nxd5 10. h3 Bh5 11. Ne4 Be7 12. Ng3 Bg6 13. Nxe5 Nxe5 14. Rxe5 Nb6 15. Qf3 Nxc4 16. dxc4 Bd6 17. Re1 Qh4 18. Qxb7 Rae8 19. Be3 Qxc4 20. Qxa7 f5 21. Qd4 Qc6 22. Bf4 Bc5 23. Qd2 Rd8 24. Qc2 Bf7 25. b4 Bxb4 26. Nxf5 Qxc3 27. Qe4 Rde8 28. Be5 Qc4 29. Qxc4 Bxc4 30. Re4 Bc3 31. Rc1 Bxe5 32. Nh6+ gxh6 33. Rg4+ Kh8 34. Rcxc4 Rb8 35. g3 Rb1+ 36. Kg2 Rb2 37. Ra4 Rbxf2+ 0-1